000 00354nam a2200145Ia 4500
008 230917s9999||||xx |||||||||||||| ||und||
040 _e156480
_aMAIN
041 _aEnglish
082 _a791.430954 D632R
100 _aSahai
245 0 _aRajkapoor films: harmony of discources
260 _bVikas Publications
_c1988
300 _a178 p.
942 _cBK
999 _c62465
_d62465